Discurso del Rector Alfonso Muga Naredo con motivo de la cuenta anual Claustro Pleno Ordinario 2008

Guardat en:
Dades bibliogràfiques
Autor principal: Muga Naredo, Alfonso (autor)
Format: Llibre
Idioma:espanyol
Publicat: Valparaíso Pontificia Universidad Católica de Valparaíso 2008
Matèries:
Etiquetes: Afegir etiqueta
Sense etiquetes, Sigues el primer a etiquetar aquest registre!

MARC

LEADER 00000nam a2200000 a 4500
001 UCG2657
003 CL-VaPUC
005 20250221151639.0
008 100715e20080806CL |||||||||||||||||spa|d
999 |c 341787  |d 341785 
040 |c Pontificia Universidad Católica de Valparaíso 
082 0 4 |a 378  |b MUG  |2 21 
100 |a Muga Naredo, Alfonso  |e autor  |9 869110 
245 1 0 |a Discurso del Rector Alfonso Muga Naredo con motivo de la cuenta anual Claustro Pleno Ordinario 2008 
260 |a Valparaíso  |b Pontificia Universidad Católica de Valparaíso  |c 2008 
300 |a 40 p 
583 |a last modification  |c 20100715 00:00:00  |k Rodrigo Vera 
650 0 |a Discursos académicos   |9 472395 
650 0 |a Pontificia Universidad Católica de Valparaíso  |9 551180 
650 7 |a CLAUSTRO PLENO ORDINARIO 2008  |2 CL-VaPUC  |9 551179 
942 |c BK  |2 ddc 
945 |d 20100715 00:00:00  |a mfarfan 
952 |0 0  |1 0  |4 0  |6 378_000000000000000_MUG_2008  |7 0  |8 X  |9 437533  |a FDOBUD  |b FDOBUD  |d 2019-11-22  |i 4687787  |o 378 MUG 2008  |p 4687787  |r 2019-11-22  |w 2019-11-22  |y BK_X  |k FHP 
952 |0 0  |1 0  |4 0  |6 378_000000000000000_MUG_2008  |7 0  |8 X  |9 437534  |a FDOBUD  |b FDOBUD  |d 2019-11-22  |i 4687795  |o 378 MUG 2008  |p 4687795  |r 2019-11-22  |w 2019-11-22  |y BK_X  |k FHP